00654nam a2200229 a 4500001001000000003000500010005001700015008004100032010001100073011001100084040000900095082001700104100001900121245005500140260005500195300001100250490003900261650003000300650002200330650003300352830003900385000114243CHAP20220329144432.0171129s1977 mx |r| ||||||spa d a110704 a111676 cCHAP04a303.483bL4900aLeff, Enrique.10aCiencia, técnica y sociedad /cpor Enrique Leff. aMéxico, D.F. :bANUIESbEditorial Edicol,c1977. a176 p. aTemas básicos. Ciencias sociales14aCiencia y civilización.14aCiencia y Estado.14aCienciazMéxicoxHistoria.0 aTemas básicos. Ciencias sociales